ARRUPE JESUIT UNIVERSITY

CORONAVIRUS -STOP THE SPREAD - CLEAN,DISINFECT,COVER

A short introduction to archaeology. (Record no. 128750)

MARC details
000 -LEADER
fixed length control field 00778cam a22002651 4500
001 - CONTROL NUMBER
control field 10277793
003 - CONTROL NUMBER IDENTIFIER
control field ARRUPE
005 - DATE AND TIME OF LATEST TRANSACTION
control field 20190109115051.0
008 - FIXED-LENGTH DATA ELEMENTS--GENERAL INFORMATION
fixed length control field 750512s1956 enka 000 0 eng
010 ## - LIBRARY OF CONGRESS CONTROL NUMBER
LC control number 57000212
015 ## - NATIONAL BIBLIOGRAPHY NUMBER
National bibliography number GB56-9006
035 ## - SYSTEM CONTROL NUMBER
System control number (OCoLC)1326841
040 ## - CATALOGING SOURCE
Original cataloging agency DLC
Transcribing agency FO
Modifying agency OCoLC
-- Uk
-- DLC
042 ## - AUTHENTICATION CODE
Authentication code premarc
050 00 - LIBRARY OF CONGRESS CALL NUMBER
Classification number SPC. CC165
Item number .C5
082 ## - DEWEY DECIMAL CLASSIFICATION NUMBER
Classification number 913
300 ## - PHYSICAL DESCRIPTION
Other physical details illus.
Dimensions 18 cm.
100 1# - MAIN ENTRY--PERSONAL NAME
Personal name Childe, V. Gordon
Fuller form of name (Vere Gordon),
Dates associated with a name 1892-1957.
9 (RLIN) 43914
245 02 - TITLE STATEMENT
Title A short introduction to archaeology.
Statement of responsibility, etc V. Gordon Chide
260 ## - PUBLICATION, DISTRIBUTION, ETC. (IMPRINT)
Place of publication, distribution, etc New York
Name of publisher, distributor, etc Collier Books
Date of publication, distribution, etc 1962
300 ## - PHYSICAL DESCRIPTION
Extent 127 p.
490 0# - SERIES STATEMENT
Series statement Man and society series
906 ## - LOCAL DATA ELEMENT F, LDF (RLIN)
a 7
b cbc
c oclcrpl
d u
e ncip
f 19
g y-gencatlg
942 ## - ADDED ENTRY ELEMENTS (KOHA)
Source of classification or shelving scheme Library of Congress Classification
Koha item type SPC
Holdings
Withdrawn status Lost status Source of classification or shelving scheme Damaged status Not for loan Collection code Home library Current library Shelving location Date acquired Total Checkouts Full call number Barcode Date last seen Price effective from Koha item type
    Library of Congress Classification     SPECIAL Collection ARRUPE LIBRARY ARRUPE LIBRARY REFERENCE 09/01/2019   SPC. CC165 .C5 46600002787 09/01/2019 09/01/2019 SPC

 

Arrupe Library. PO Box MP320 Mt Pleasant, Harare, Zimbabwe
263 242 745411|librarian@aju.ac.zw